| 000 | 00521 a2200181 4500 | ||
|---|---|---|---|
| 005 | 20240501142906.0 | ||
| 010 | _aENG-140237 | ||
| 020 |
_a9788196129149 _c250.00 |
||
| 035 | _aEN-123769 | ||
| 037 | _bDBAD | ||
| 082 | 1 | 4 | _a881 |
| 100 | 1 |
_aGharpure, Gauri _965348 |
|
| 245 | 1 |
_aSound Of Sugar/ _cBy Gauri Gharpure, |
|
| 260 |
_aKolkata _bWriters Workshop _c2023 |
||
| 270 |
_a162/42, Lake Gardens, _bCalcutta - 700 045 _cWest Bengal |
||
| 300 |
_a60p. _c22cm(Hb) |
||
| 942 |
_adpl _cEN _2ddc _h881 _mGHA |
||
| 999 |
_c202468 _d202468 |
||